000 00474nam a2200169 i 4500
001 bg
100 1 _aGinzburg, Vitalij Lazarevič
_d(1916-2009).
245 1 0 _aRasprastranenie ělektromagnitnych voln v plazme /
_cV. L. Ginzburg.
250 _aIzd. 2 perer.
260 _aMoskva :
_bIzdatel'stvo "Nauka",
_c1967.
300 _as. 683 :
_bilustr.
040 _cBPK
041 _apol
080 _a533.9+621.371
942 _cKS
008 s pl f |000 0 pol
999 _c12753
_d12753